MDQL
is popping MORE tags! Check the
thread
!
Quizzes
Events
Quiz Creation
Community
Videos
Private Events
Remove Ads
Sign In
Join for FREE
Feedback
Dark Mode
Quiz Categories
Sports
Geography
Music
Movies
Television
Just For Fun
Miscellaneous
History
Literature
Language
Science
Gaming
Entertainment
Religion
Holiday
For Kids
Quiz Lab
Recent
Popular Today
Quiz Kudos Today
Editor Picks
Curator Picks
Quizzes by...
Day
Popularity
Type
Ratings
Length
Year
Community
Subscriptions
Recent Discussions
Orange Saloon
Badges
Playlists
Quests
Create
Leaderboards
Showdown
Live 5
Trivia Bingo
Activity
Puzzle Library
Sporcle Events
Private Events
Virtual Trivia
Globe League
Become a Host
Pub Owners
SporcleCon
Opinionation
Our Games
Videos
Blog
Mobile Apps
Partnerships
Remove Ads and Go Orange
Feedback
Geography
Country
Landmarks
City
State
Population
World
Capital
Continent
Flags
Europe
Africa
Asia
South America
North America
Oceania
Border
Canada
United Kingdom
Topography
United States
Geography
Country
Landmarks
City
State
Population
World
Capital
Continent
Flags
Europe
Africa
Asia
South America
North America
Oceania
Border
Canada
United Kingdom
Topography
United States
Random Quiz
Search Sporcle
×
Quiz Lab
Quiz Lab
Geography
College
Type in answers that appear in a list
Type in answers that appear in a list
Classic
Best Score? Go Orange.
Universities in Texas Stats
Can you name the Universities and Colleges in Texas by location?
By
taintedsquirrel
10m
26 Questions
810 Plays
810 Plays
810 Plays
Comments
Comments
Give Quiz Kudos
Give Quiz Kudos
-
- Ratings
hide this ad
Replay
Link that replays current quiz
Next Quiz
Link to next quiz in quiz playlist
You Got
0%
They Got
Avg Score
57%
Avg Friend Score
Upgrade to see
Score Distribution
Jump to the score distribution portion of the page
Score
0/26
Timer
10:00
0
Plays Today
Location
School
% Correct
Austin
Texas
99.5%
Lubbock
Texas Tech
96.5%
College Staion
Texas A&M
94.9%
Waco
Baylor
93.1%
Fort Worth
TCU
92.7%
Dallas
SMU
85.2%
Houston
Houston
84.6%
Houston
Rice
80.4%
El Paso
Texas El Paso
80%
San Marcos
Texas State
79.5%
Denton
North Texas
78.5%
San Antonio
University of Texas San Antonio
77.9%
Nacogdoches
Stephen F. Austin
57.7%
Location
School
% Correct
Abilene
Abilene Christian
56.2%
Huntsville
Sam Houston State
52.6%
Beaumont
Lamar
37.8%
Austin
St. Edwards
36.3%
San Antonio
Trinity
32.1%
Georgetown
Southwestern
31.4%
San Antonio
St. Marys
27%
Brenham
Blinn
24.9%
Austin
ACC
24.2%
Belton
Mary Hardin Baylor
22.2%
Abilene
Hardin Simmons
20.6%
Alpine
Sul Ross State
20%
Austin
Concordia
18.8%
Quiz Playlist
Details
Report
Send in Message
Add To Playlist
Classic:
Type in answers that appear in a list
Last Updated: Feb 1, 2019
Quiz Scoreboard
CHALLENGE
Sign Up to Join the Scoreboard
Show All
Scores
Hide
Comments
May contain spoilers
Recently Published
5x2 Blitz: Bands
by SL_Kpop136
Music
30s
Colored Red Africa Blitz
by spor1
Geography
30s
Find the 'City' Movie
by crazypaving
Movies
60s
More to Explore
Quiz From the Vault
Featured Blog Post
14 Easter Pick-up Lines to Find Eggs With
hide this ad
You Might Also Like...
Tags
College Quiz
University Quiz
location
mascot
school
tea
Today's Top Quizzes in Geography
Browse Geography
hide this ad
Today's Top Quizzes in College
Browse College
Top Contributed Quizzes in Geography
1
Countries of the World - No Outlines Minefield
2
Colored Red Africa Blitz II
3
Colored Red Europe Blitz I
4
Colored Red Europe Blitz II
5
Colored Red Africa Blitz III
6
Colored Red Europe Blitz III
7
Colored Red States Blitz II
8
Country Trivia Logic Puzzle II
9
Colored Red States Blitz I
10
List All 50 US States
Explore More
Trending Topics
Kpop
Anime
Disney
NBA
Harry Potter
Crossword
Marvel
Puzzle
Pokémon
Country
Song
NFL
Soccer
The Office
WWE
hide this ad
More By:
taintedsquirrel
Quiz
Plays
Rating
Category
Featured
Created
Universities in Texas
810
1.56
Geography
Dec 10, 2009
Get from Gene Hackman to Gene Hackman
86
2.33
Entertainment
Dec 10, 2009
Go to Creator's Profile
Score Distribution
Quiz Creator Spotlight
taintedsquirrel
Follow
Send a Message
Quizzes Created
-
Created Quiz Play Count
-
More By This Creator
Popular Quizzes Today
1
Find the 'City' Movie
2
5x2 Blitz: Bands
3
Colored Red Africa Blitz
4
The Countries of the World
5
Find the US States - No Outlines Minefield
6
Find the US States
7
9x9 Crossword: Cartoon Network
8
US States
More Geography Quizzes
Around the Perimeter of Argentina
Published
Trending Quizzes
Colored Red Africa Blitz II
Colored Red Europe Blitz I
Colored Red Africa Blitz III
Colored Red Europe Blitz II
Colored Red Europe Blitz III
Recently Updated
Champions League XIs: Real Madrid
pecheneg
Largest US Cities 1790-2010
pecheneg
Rides in Walt Disney World
pecheneg
Most Oscar Losses (Acting)
pecheneg
Beyoncé Albums
pecheneg
Leaping Animals
pecheneg
Reality TV Shows (A-Z)
bhenderson79
Rickey Henderson's Hall of Fame Teammates
pecheneg
Champions League XIs: Arsenal
pecheneg
Quick Pick: Celebrities in WWE's Hall of Fame
aduchscher
Trending Topics
Crossword
Disney
Marvel
NBA
Harry Potter
Kpop
Anime
Puzzle
Soccer
Pokémon
WWE
Song
The Office
Country
NFL
Your Account Isn't Verified!
In order to create a playlist on Sporcle, you need to verify the email address you used during registration. Go to your
Sporcle Settings
to finish the process.
Report this User
Report this user for behavior that violates our
Community Guidelines
.
Details:
Send Report
Go to the Sporcle.com Mobile Site →
Comments